| 000 | 00779nam#a22002895a#4500 | ||
|---|---|---|---|
| 001 | 254 | ||
| 008 | 060428s2003####ag#abo#d######001#0#spa#d | ||
| 245 | 1 | 0 |
_aGeografía de América / _cAlbina Lara, Susana María Sassone, Celia Bertone De Daguerre. |
| 250 | _a1ª ed. | ||
| 260 |
_aBuenos Aires : _bKapelusz, _c2003. |
||
| 300 |
_a344 p. : _bfot., il., mapas ; _c27 cm. |
||
| 490 | 0 | _aEpacios y Sociedades | |
| 020 | _a9501309312 | ||
| 100 | 1 | _aLara, Albina. | |
| 700 | 1 | _aSassone, Susana María. | |
| 700 | 1 | _aBertone De Daguerre, Celia. | |
| 080 | _a911(7/8) | ||
| 084 | _aL26 | ||
| 653 | _aAmérica | ||
| 653 | _aPaisajes | ||
| 653 | _aBosques | ||
| 653 | _aGeografía | ||
| 040 |
_aAR-ClEAG _cAR-ClEAG |
||
| 005 | 20241107184629.0 | ||
| 003 | AR-ClEAG | ||
| 942 | _cBK | ||
| 999 |
_c254 _d254 |
||
| 980 |
_62 _aEvangelina Gallicchio _82 _gEvangelina Gallicchio |
||